Normal view MARC view

Entry Personal Name

Number of records used in: 2

001 - CONTROL NUMBER

  • control field: 20161

003 - CONTROL NUMBER IDENTIFIER

  • control field: dpl

005 - DATE AND TIME OF LATEST TRANSACTION

  • control field: 20100915122832.0

008 - FIXED-LENGTH DATA ELEMENTS

  • fixed length control field: 100915|||a|||||| | ||| d

040 ## - CATALOGING SOURCE

  • Original cataloging agency: dpl
  • Transcribing agency: dpl

100 ## - HEADING--PERSONAL NAME

  • Personal name: Shakeel Badayuni

670 ## - SOURCE DATA FOUND

  • Source citation: Work cat.: (dpl): Shamshad Begum 17891, Khelo rang hamare sang :, 1971

670 ## - SOURCE DATA FOUND

  • Source citation: Work cat.: (dpl): Shamshad Begum 17891, Khelo rang hamare sang :, 1971

© Delhi Public Library
Hit Counter
free hit counter